Normal view
MARC view
- Ledermann, W Lloyd, Emlyn
Entry Personal Name
001 - CONTROL NUMBER
- control field: 62373
003 - CONTROL NUMBER IDENTIFIER
- control field: NUST
005 - DATE AND TIME OF LATEST TRANSACTION
- control field: 20210628202929.0
008 - FIXED-LENGTH DATA ELEMENTS
- fixed length control field: 210628|| aca||aabn | a|a d
040 ## - CATALOGING SOURCE
- Original cataloging agency: NUST
- Transcribing agency: NUST
100 ## - HEADING--PERSONAL NAME
- Personal name: Ledermann, W Lloyd, Emlyn
670 ## - SOURCE DATA FOUND
- Source citation: Work cat.: (NUST): Ledermann, W Lloyd, Emlyn, Handbook of applicable mathematics, vol-vi,part-b, statistics, 1996
